01203nam a2200241 a 450000100100000000500170001000800410002702000180006804000250008608200150011110000410012624502990016726000510046630000500051750000740056750400320064170000510067370000330072470000340075770000400079195201130083199900170094400004614020250129073605.0150626s2011 dr abce 000 0 spa d a9789945879902 aDO-SdBNPbspacBNPHU axxxxbxxxx1 aReyes Sánchez, Migueld1966-9228510aOcéanos de tinta y papel :bhistoria de la navegación y del desarrollo marítimo dominicano /cMiguel Reyes Sánchez ; prólogo de Juan Daniel Balcácer; colaboración documental y fotografica de Pedro Atiles, editado por Lourdes periche; fotografias de Francisco Manosalvas...[et al]. aSanto Domingo :bAgencias Navieras B&R,c2011. a367 p. :bil., maps, planos, retrs. ;c29 cm. aIncluye referencias bibliográficas y notas al pie de las páginas. aBibliografía : p. 356-36212aBalcácer, Juan Daniel,d1949-epról.9656612aAtiles,Pedro,ecolab.97419212aPeriche, Lourdes,eed.97419312aManosalvas, Francisco,efot.969596 0010718PDaPDbPDcCTd2015-06-26iLF1l0oxxxx xxxxp46140-10r2020-06-25w2020-06-25yLFPDZNo se presta c45629d45629